Sociálne poistenie v Európskej únii Írsko (Dokončenie)
Podmienky vyplácania pozostalostných dávok a príspevkov. Dlhodobé dávky a príspevky v starostlivosti o rodinu alebo v chorobe. Systém dávok sociálnej pomoci. Zdravotné a nemocenské poistenie pracujúcich. Starostlivosť o pracujúcich pri pracovných úrazoch a chorobách z povolania. Nezamestnanosť.
Enregistré dans:
| Auteur principal: | |
|---|---|
| Format: | Chapitre de livre |
| Langue: | slovaque |
| Sujets: | |
| Tags: |
Pas de tags, Soyez le premier à ajouter un tag!
|
MARC
| LEADER | 00000naa$a2200000$$$4500 | ||
|---|---|---|---|
| 001 | 0064848 | ||
| 005 | 20230925074723.8 | ||
| 041 | 0 | |a slo | |
| 044 | |a SK | ||
| 245 | 1 | 0 | |a Sociálne poistenie v Európskej únii |b Írsko (Dokončenie) |c Katarína Neviďanská |
| 520 | |a Podmienky vyplácania pozostalostných dávok a príspevkov. Dlhodobé dávky a príspevky v starostlivosti o rodinu alebo v chorobe. Systém dávok sociálnej pomoci. Zdravotné a nemocenské poistenie pracujúcich. Starostlivosť o pracujúcich pri pracovných úrazoch a chorobách z povolania. Nezamestnanosť. | ||
| 610 | 2 | 0 | |a poistenie sociálne |
| 610 | 2 | 0 | |a poistenie zdravotné |
| 610 | 2 | 0 | |a poistenie nemocenské |
| 610 | 2 | 0 | |a dávky poistné |
| 610 | 2 | 0 | |a príspevky sociálne |
| 610 | 2 | 0 | |a nezamestnanosť |
| 610 | 2 | 0 | |a úrazy pracovné |
| 610 | 2 | 0 | |a choroby z povolania |
| 610 | 2 | 0 | |a podpory v nezamestnanosti |
| 610 | 2 | 0 | |a pracovníci |
| 610 | 2 | 0 | |a Írsko |
| 100 | 1 | |a Neviďanská, Katarína | |